| 000 | 00437nam a2200109Ia 4500 | ||
|---|---|---|---|
| 008 | 160712s9999 xx 000 0 und d | ||
| 100 | _aHaskell, Dennis. | ||
| 245 |
_cDennis Haskell _aA Jumble of Words: Studying the Literatures of South-east Asia |
||
| 260 |
_c2015 _bJournal of English Studies and Comparative Literature |
||
| 650 | _xLITERATURE | ||
| 856 | _uhttp://journals.upd.edu.ph/index.php/jescl/issue/view/Special%20Edition/showToc | ||
| 999 |
_c297058 _d297058 |
||